Masaje basado en resultados (Registro nro. 1868)

Detalles MARC
000 -Cabecera
Campo de control de longitud fija 00616aam a2200241 4500
005 - Fecha y hora de la última transacción
Campo de control 20250722145251.0
008 - Elementos de longitud fija--Información general
Campo de control de longitud fija 150717b2004 xxu||||| |||| 00| 0 spa d
020 ## - International Standard Book Number
Número Internacional Estándar del Libro (ISBN) 848019471
041 ## - Idioma
Código de idioma Español
082 ## - Clasificación Decimal Dewey
Número de clasificación 615.82 A553m
100 ## - Entrada principal--Autor personal
Nombre personal Andrade, Carla Krystin
9 (RLIN) 14894
100 ## - Entrada principal--Autor personal
Nombre personal Clifford, Paul
9 (RLIN) 14895
245 ## - Título propiamente dicho
Título Masaje basado en resultados
260 ## - Pie de imprenta
Lugar de publicación, distribución, etc. España
260 ## - Pie de imprenta
Nombre del editor, distribuidor, etc. Paidotribo
260 ## - Pie de imprenta
Fecha de publicación, distribución, etc. 2004
300 ## - Descripción física
Extensión 375 páginas
490 ## - Serie
Título de la Serie Temática General
650 ## - Materia general
Temática (materia general) MASAJE TERAPÉUTICO
650 ## - Materia general
Temática (materia general) PLANIFICACIÓN TERAPÉUTICA
650 ## - Materia general
Temática (materia general) TÉCNICAS DE MASAJES
942 ## - Punto de acceso adicional KOHA
Tipo de ítem KOHA Libro
Fuente del sistema de clasificación o colocación Dewey Decimal Classification
Existencias
Signatura completa Código de barras Programa Académico Tipo de ítem
615.82 A553m 2514 Temática General Libro